[Event "URS-ch47"]
[Site "Minsk"]
[Date "1979.??.??"]
[Round "?"]
[White "Romanishin, Oleg M"]
[Black "Balashov, Yuri S"]
[Result "0-1"]
[WhiteElo "2560"]
[BlackElo "2600"]

1.e4 c5 2.Nc3 e6 3.Nf3 Nc6 4.d4 cxd4 5.Nxd4 a6 6.Be3 Qc7 7.Bd3 Nf6 8.Qe2 b5
9.O-O Bb7 10.h3 Be7 11.f4 d6 12.Nf3 O-O 13.a3 b4 14.Na4 Nd7 15.c3 bxa3 16.b4 d5
17.e5 g6 18.Qf2 f6 19.exf6 Bxf6 20.Qa2 Kh8 21.Qxa3 e5 22.fxe5 Ncxe5 23.Nxe5 Nxe5
24.Rad1 d4 25.cxd4 Nf3+ 26.Rxf3 Bxf3 27.Rf1 Bxg2 28.Kxg2 Bh4 29.Qc1 Qg3+
30.Kh1 Qxh3+ 31.Kg1 Qg3+ 32.Kh1 Rf3 33.Bf4 Qh3+ 34.Kg1 Qg4+ 35.Kh1 Rh3+ 36.Bh2 Rxh2+  0-1

[Event "Munich"]
[Site "Munich"]
[Date "1979.??.??"]
[Round "?"]
[White "Huebner, Robert"]
[Black "Olafsson, Fridrik"]
[Result "1/2-1/2"]
[WhiteElo "2595"]
[BlackElo "2555"]

1.e4 c5 2.Nf3 e6 3.d4 cxd4 4.Nxd4 Nc6 5.Nc3 d6 6.Be3 Be7 7.Bc4 a6 8.Bb3 Bd7
9.f4 Na5 10.Qf3 Rc8 11.O-O-O Nxb3+ 12.cxb3 b5 13.Kb1 b4 14.Nce2 Qc7 15.g4 g6
16.Rhf1 Qb7 17.Ng3 h6 18.Ka1 Rh7 19.h4 e5 20.Nde2 Nf6 21.fxe5 Bxg4 22.Qf4 dxe5  1/2-1/2

[Event "Naleczow"]
[Site "Naleczow"]
[Date "1979.??.??"]
[Round "2"]
[White "Ivanovic, Bozidar"]
[Black "Moiseev, Oleg L"]
[Result "1-0"]
[WhiteElo "2460"]
[BlackElo "2425"]

1.e4 c5 2.Nf3 e6 3.d4 cxd4 4.Nxd4 Nc6 5.Nc3 Qc7 6.Be2 a6 7.O-O Nf6 8.Kh1 d6
9.f4 Be7 10.Be3 Bd7 11.Qe1 O-O 12.Qg3 Rac8 13.Rad1 Kh8 14.a3 b5 15.Bd3 Nxd4
16.Bxd4 Ne8 17.e5 dxe5 18.Bxe5 Bd6 19.Bxh7 Kxh7 20.Rxd6 Qc4 21.Rfd1 Bc6 22.R6d4 Qc5
23.f5 f6 24.Rh4+ Kg8 25.fxe6 fxe5 26.Qh3 Bxg2+ 27.Kxg2 Qf2+ 28.Kh1 Qf3+ 29.Qxf3 Rxf3
30.Nd5 g5 31.Rg1 Rf5 32.Rh5 Kf8 33.h4 e4 34.Rgxg5 Rxg5 35.Rxg5 Rxc2 36.h5 e3
37.Rf5+ Kg7 38.Rf7+ Kh6 39.Nxe3 Rxb2 40.Rf8 Nd6 41.e7 Re2 42.Nd5 Kg5 43.Rd8 Kg4
44.Rxd6 Kg3 45.Rg6+ Kf3 46.h6 Re5 47.h7  1-0

[Event "Naleczow"]
[Site "Naleczow"]
[Date "1979.??.??"]
[Round "8"]
[White "Ivanovic, Bozidar"]
[Black "Nicevski, Risto"]
[Result "1-0"]
[WhiteElo "2460"]
[BlackElo "2380"]

1.e4 c5 2.Nf3 Nc6 3.d4 cxd4 4.Nxd4 e6 5.Nc3 d6 6.g4 Be7 7.Rg1 h6 8.a3 a6
9.Rg3 Bf6 10.Nde2 g5 11.Bg2 Nge7 12.Rd3 Be5 13.Be3 Ng6 14.Qd2 Qc7 15.O-O-O Na5
16.b3 Bd7 17.f4 gxf4 18.Nxf4 Rc8 19.Nfe2 h5 20.gxh5 Rxh5 21.h3 b5 22.Nd4 Bg7
23.Nde2 Be5 24.Kb1 Bc6 25.Nd4 Nc4 26.Qe2 Nxe3 27.Qxh5 Nf4 28.Nxe6 Nxh5 29.Nxc7+ Rxc7
30.Rxe3 Nf4 31.Bf1 f6 32.Ne2 Ne6 33.Ng3 Bf4 34.Rf3 Kf7 35.Bd3 Be5 36.Nf5 Ng5
37.Re3 Bf4 38.Re2 Nxh3 39.Rg2 Ng5 40.Rf1 Be5 41.Nxd6+ Ke6 42.Nf5 Nxe4 43.Kc1 Nc5
44.Rg7 Nxd3+ 45.cxd3 Bg2+ 46.Rxc7 Bxf1 47.Ng7+ Kd6 48.Rc8 Kd7 49.Ra8 Bxd3
50.Kd2 Be4 51.Rxa6 Bd5 52.b4 Bc4 53.Ke3 Bb2 54.Nf5 Be5 55.Ke4 Kc7 56.Ne3 Be2
57.Nd5+ Kb7 58.Rb6+ Ka7 59.Rc6 Bc4 60.a4 Bxd5+ 61.Kxd5 bxa4 62.b5 Kb7 63.Ra6 Bg3
64.Rxf6 a3 65.Ra6 Bf2 66.Rxa3 Kb6 67.Rf3 Bg1 68.Kc4 Kb7 69.Kb4 Bd4 70.Rd3 Bf2
71.Rd7+ Kb6 72.Rd6+ Kb7 73.Re6 Bh4 74.Ka5  1-0

[Event "Marshall op"]
[Site "New York"]
[Date "1979.??.??"]
[Round "1"]
[White "Gruchacz, Robert"]
[Black "Diesen, Mark C"]
[Result "1/2-1/2"]
[WhiteElo "2355"]
[BlackElo "2460"]

1.e4 c5 2.Nc3 e6 3.Nge2 Nc6 4.d4 cxd4 5.Nxd4 d6 6.Be3 Nf6 7.f4 e5 8.fxe5 Ng4
9.Bg1 Ngxe5 10.Qd2 Be7 11.O-O-O Nxd4 12.Bxd4 O-O 13.Nd5 Bg5 14.Be3 Bxe3 15.Nxe3 Qh4
16.Qxd6 Qxe4 17.Qd4 Qxd4 18.Rxd4 Be6 19.Re4 f6 20.Bc4 Kf7 21.Bd5 Bxd5 22.Nxd5 Rfd8
23.Rd1 Rac8 24.Nc3 Rxd1+ 25.Kxd1 Ke6 26.Ra4 Rd8+ 27.Ke2 Nc6 28.Re4+ Kf5 29.Ke3 Ne5
30.Rf4+ Ke6 31.Rb4 Rd7  1/2-1/2

[Event "Marshall op"]
[Site "New York"]
[Date "1979.??.??"]
[Round "3"]
[White "Soltis, Andrew E"]
[Black "Plaskett, Jim"]
[Result "0-1"]
[WhiteElo "2445"]
[BlackElo "2410"]

1.e4 c5 2.Nc3 Nc6 3.Nge2 e6 4.d4 cxd4 5.Nxd4 Qc7 6.f4 a6 7.Nf3 Bc5 8.Bd3 Nge7
9.Qe2 Nd4 10.Nxd4 Bxd4 11.Nd1 O-O 12.c3 Ba7 13.Be3 Bxe3 14.Qxe3 d6 15.Nf2 Bd7
16.Rd1 Rac8 17.O-O Qc5 18.Qxc5 Rxc5 19.Be2 d5 20.Nd3 Rc7 21.Ne5 Ba4 22.Rd4 Bc6
23.Rfd1 f6 24.Nxc6 Nxc6 25.Ra4 dxe4 26.Rxe4 e5 27.Bc4+ Kh8 28.fxe5 Nxe5 29.Bd5 g6
30.Rb4 Rd8 31.Rdd4 b5 32.Bb3 Rcd7 33.Be6 Rd6 34.Rxd6 Rxd6 35.Bc8 Rd1+ 36.Kf2 Rd8
37.Bxa6 Nd3+ 38.Ke3 Nxb4 39.cxb4 Ra8 40.Bxb5 Rxa2 41.b3 Rxg2 42.Bc4 Rxh2
43.b5 f5 44.b6 Rh4 45.b7 Re4+ 46.Kd3 Re8 47.Kd4 f4 48.Kc5 f3 49.Kc6 f2 50.Kd7 Rf8
51.Kc7 h5 52.b8=Q Rxb8 53.Kxb8 h4 54.Bf1 g5 55.Kc7 g4 56.b4 h3  0-1

[Event "Marshall op"]
[Site "New York"]
[Date "1979.??.??"]
[Round "5"]
[White "Benjamin, Joel"]
[Black "Burger, Karl"]
[Result "1-0"]
[WhiteElo "2320"]
[BlackElo "2365"]

1.e4 c5 2.Nf3 Nc6 3.d4 cxd4 4.Nxd4 e6 5.Nc3 a6 6.Nxc6 bxc6 7.e5 Qc7 8.f4 d5
9.exd6 Bxd6 10.Ne4 Be7 11.Bd3 Nf6 12.O-O Nxe4 13.Bxe4 O-O 14.Qh5 f5 15.Bd3 Bf6
16.Qe2 e5 17.fxe5 Bxe5 18.h3 a5 19.c3 Bd7 20.Qc2 g6 21.Bh6 Rfe8 22.Rae1 Be6
23.Kh1 a4 24.b3 axb3 25.axb3 Rab8 26.b4 c5 27.Qe2 Bf7 28.Bb5 Bxc3 29.Bxe8 Rxe8
30.Qxe8+ Bxe8 31.Rxe8+ Kf7 32.Rf8+ Ke6 33.bxc5 Qxc5 34.Rd1 Qb5 35.Rfd8 Bb4
36.R8d3 Be7 37.Bf4 Qc4 38.Bc1 Qb5 39.R3d2 Qe5 40.Rd3 Qb5 41.Bf4 Qc4 42.Bh2 Qb5
43.Re3+ Kf7 44.Rde1 Bf6 45.Rc1 Bd8 46.Rec3 Bb6 47.Rc8 Qb2 48.Bf4 Qf2 49.Bh6 Qd4
50.Rf8+ Ke6 51.Re1+ Kd5 52.Bg5 Qf2 53.Rd1+ Kc6 54.Rf6+ Kc7 55.Rf7+ Kc6 56.Rxh7 Qg3
57.Rc1+ Kd5 58.h4 f4 59.Rd7+ Ke6 60.Re7+ Kd6 61.Rd1+ Kc5 62.Re5+ Kc4 63.Re4+ Kc5
64.Rc1+ Kd5 65.Rxf4 Bc5 66.Rf3 Qe5 67.Rd3+ Ke6 68.Rd8 Qc7 69.Re1+ Kf5 70.Re5+  1-0

[Event "Marshall op"]
[Site "New York"]
[Date "1979.??.??"]
[Round "6"]
[White "Kudrin, Sergey"]
[Black "Tisdall, Jonathan D"]
[Result "1-0"]
[WhiteElo "2360"]
[BlackElo "2350"]

1.e4 c5 2.Nf3 e6 3.d4 cxd4 4.Nxd4 Nc6 5.Nc3 a6 6.g3 Nge7 7.Nb3 d6 8.Bg2 Bd7
9.O-O Nc8 10.a4 Be7 11.f4 O-O 12.Be3 Qc7 13.Kh1 Bf6 14.a5 Bxc3 15.bxc3 e5
16.f5 N6e7 17.f6 Ng6 18.fxg7 Re8 19.Qf3 Be6 20.Nd2 Qd7 21.Qh5 Bg4 22.Qh6 Re6
23.Qg5 Re8 24.h4 Na7 25.h5 Ne7 26.Rf6 Nac6 27.Raf1 Nd8 28.Rh6  1-0

[Event "Marshall op"]
[Site "New York"]
[Date "1979.??.??"]
[Round "7"]
[White "Gruchacz, Robert"]
[Black "Fuster, Geza"]
[Result "1-0"]
[WhiteElo "2355"]
[BlackElo "2300"]

1.e4 c5 2.Nf3 Nc6 3.Nc3 e6 4.d4 cxd4 5.Nxd4 Qc7 6.Be3 a6 7.f4 b5 8.Bd3 Nxd4
9.Bxd4 Qxf4 10.Rf1 Qh4+ 11.g3 Qe7 12.e5 f5 13.Bxf5 Bb7 14.Qh5+ Kd8 15.Be4 Bxe4
16.Nxe4 Kc7 17.Bc5 Qxc5 18.Nxc5 Bxc5 19.Qf3 Rd8 20.Qc3 Kb6 21.b4 Be7 22.a4 Nh6
23.Qd4+  1-0

[Event "Marshall op"]
[Site "New York"]
[Date "1979.??.??"]
[Round "7"]
[White "Popovych, Orest"]
[Black "Plaskett, Jim"]
[Result "0-1"]
[WhiteElo "2365"]
[BlackElo "2410"]

1.e4 c5 2.Nf3 Nc6 3.d4 cxd4 4.Nxd4 e6 5.Nc3 Qc7 6.Be2 a6 7.O-O Nf6 8.Be3 Bb4
9.Nxc6 bxc6 10.Na4 O-O 11.c4 Be7 12.Qc2 c5 13.f4 d6 14.Nc3 Rb8 15.b3 Bb7
16.Rad1 Rfd8 17.Bf3 Bc6 18.g4 Qb7 19.g5 Ne8 20.Bg2 Nc7 21.Qf2 Rd7 22.f5 Bf8
23.fxe6 fxe6 24.Bxc5 Qc8 25.Be3 Qe8 26.Qg3 Qh5 27.Bf4 a5 28.Rd3 Na6 29.Rdf3 Qg6
30.Be3 Nc5 31.Qf4 Qe8 32.Qg4 Qg6 33.Bh3 Re7 34.Bxc5 dxc5 35.Qf4 Ree8 36.Qf7+ Qxf7
37.Rxf7 Bd6 38.Bg2 Be5 39.Nb5 Rf8 40.Rxf8+ Rxf8 41.Rd1 Rf4 42.Rd8+ Rf8 43.Rd2 Rf4
44.Rd8+ Rf8 45.Rxf8+ Kxf8 46.h4 Bg3 47.h5 Bf4 48.g6 hxg6 49.hxg6 Be8 50.Kf2 Bxg6
51.Kf3 Be5 52.Kg4 Ke7 53.Kg5 Be8 54.Bf3 Bb2 55.Nc7 Bf7 56.Nb5 Kd7 57.Kf4 Bc1+
58.Kg4 Bg6 59.Bg2 Ke7 60.Bf3 Bd2 61.Bg2 Bc1 62.Bf3 Bd2 63.Bg2 Kf6 64.Nd6 Ke5
65.Nb7 Bb4 66.Nd8 Bxe4 67.Bxe4 Kxe4 68.Nxe6 Kd3 69.Kf3 Kc2 70.Ke4 Kb2 71.Kd5 g5
72.Nxg5 Kxa2 73.Ne4 Kxb3 74.Nxc5+ Bxc5 75.Kxc5 a4 76.Kb5 a3 77.c5 a2 78.c6 a1=Q  0-1

[Event "Marshall op"]
[Site "New York"]
[Date "1979.??.??"]
[Round "9"]
[White "Wilder, Michael"]
[Black "Adam, W."]
[Result "1/2-1/2"]
[WhiteElo "2255"]
[BlackElo "2200"]

1.e4 c5 2.Nf3 Nc6 3.d4 cxd4 4.Nxd4 e6 5.Nc3 Qc7 6.Be2 a6 7.O-O b5 8.Nxc6 Qxc6
9.Bf3 Bb7 10.Re1 d6 11.a4 Qd7 12.axb5 axb5 13.Rxa8+ Bxa8 14.Qd4 Ne7 15.Qb4 Nc6
16.Qxb5 Be7 17.Be3 O-O 18.Ra1 Rb8 19.Qxb8+ Nxb8 20.Rxa8 Qc7 21.Ba7 Bf8 22.Bxb8 Qb7
23.Ra3 Qxb8 24.Rb3 Qa7 25.Ra3 Qb7 26.Rb3 Qa7 27.Ra3 Qc7 28.Rb3 g6 29.Be2 Bg7
30.Bd3 h6 31.g3 f5 32.Kf1 Kh7 33.h4  1/2-1/2

[Event "Rubinstein mem"]
[Site "Polanica Zdroj"]
[Date "1979.??.??"]
[Round "5"]
[White "Borkowski, Franciszek"]
[Black "Jansa, Vlastimil"]
[Result "0-1"]
[WhiteElo "2395"]
[BlackElo "2495"]

1.e4 c5 2.Nf3 Nc6 3.d4 cxd4 4.Nxd4 e6 5.Nc3 a6 6.Be3 Nf6 7.g3 Qc7 8.Bg2 Be7
9.O-O O-O 10.h3 d6 11.Qe2 Bd7 12.a4 Rac8 13.Nxc6 Bxc6 14.Bd4 Nd7 15.Rfd1 Bf6
16.Bxf6 Nxf6 17.Qe3 Rfd8 18.Ne2 Be8 19.c3 Nd7 20.Qd4 Nc5 21.Ra3 e5 22.Qb4 a5
23.Qc4 Qb6 24.b4 axb4 25.a5 Qb5 26.Qxb5 Bxb5 27.cxb4 Bxe2 28.Rd2 Ba6 29.bxc5 dxc5
30.Rc2 Rd1+ 31.Kh2 c4 32.Bf3 Rd4 33.Ra4 g6 34.g4 h6 35.Kg2 Rcd8 36.Be2 Rxe4
37.Bxc4 Rf4 38.Bb3 Rxa4 39.Bxa4 Rd4 40.Bb3 Rb4 41.Rc3 Rb5 42.Rf3 e4 43.Re3 Kg7
44.Bc4 Rxa5 45.Bxa6 Rxa6 46.Rxe4 b5 47.Rb4 Rb6 48.Kf3 Kf6 49.Ke4 Kg5 50.f4+ Kh4
51.Rb3 b4 52.f5 g5 53.Ke5 f6+ 54.Kd5 h5 55.Kc5 Rb8 56.gxh5 Kxh5 57.Kd5 Kh4
58.Ke6 Rb6+ 59.Kf7 g4 60.hxg4 Kxg4 61.Kg6 Kf4 62.Rb1 b3 63.Rf1+ Ke5  0-1

[Event "Rubinstein mem"]
[Site "Polanica Zdroj"]
[Date "1979.??.??"]
[Round "11"]
[White "Pokojowczyk, Jerzy"]
[Black "Kruszynski, Wlodzimierz"]
[Result "1/2-1/2"]
[WhiteElo "2365"]
[BlackElo "2285"]

1.e4 c5 2.Nf3 e6 3.d4 cxd4 4.Nxd4 Nc6 5.Nc3 a6 6.Be2 Qc7 7.O-O Nf6 8.Kh1 Be7
9.Be3 O-O 10.f4 d6 11.Qe1 Nxd4 12.Bxd4 b5 13.a3 Bb7 14.Qg3 Bc6 15.Rae1 Qb7
16.Bd3 b4 17.axb4 Qxb4 18.Ne2 Qb7 19.Nc3 Qb4 20.Ne2 Qb7 21.Nc3  1/2-1/2

[Event "Rubinstein mem"]
[Site "Polanica Zdroj"]
[Date "1979.??.??"]
[Round "15"]
[White "Planinec, Albin"]
[Black "Kruszynski, Wlodzimierz"]
[Result "1-0"]
[WhiteElo "2445"]
[BlackElo "2285"]

1.e4 c5 2.Nf3 e6 3.d4 cxd4 4.Nxd4 Nc6 5.Nc3 a6 6.Be2 Qc7 7.O-O Nf6 8.Kh1 Be7
9.f4 d6 10.a4 O-O 11.Be3 Re8 12.Qe1 Nxd4 13.Bxd4 e5 14.Be3 exf4 15.Rxf4 Be6
16.Qg3 Nd7 17.Bd4 Ne5 18.Raf1 Bf8 19.Qf2 g6 20.Nd5 Bxd5 21.exd5 f5 22.c4 a5
23.g4 Bh6 24.gxf5 Bxf4 25.Qxf4 gxf5 26.Qxf5 Qf7 27.Qg5+ Qg6 28.Qh4 Kh8 29.Bd3 Qg7
30.c5 Rg8 31.Be4 Raf8 32.Re1 Rf6 33.cxd6 Rgf8 34.Rg1 Rf1 35.Qxh7+ Qxh7 36.Bxe5+ R8f6
37.d7 Rxg1+ 38.Kxg1  1-0

[Event "Regency Masters A"]
[Site "Ramsgate"]
[Date "1979.??.??"]
[Round "4"]
[White "Nicholson, John G"]
[Black "Langeweg, Kick"]
[Result "1/2-1/2"]
[WhiteElo "2310"]
[BlackElo "2440"]

1.e4 c5 2.Nf3 e6 3.d4 cxd4 4.Nxd4 Nc6 5.Nc3 d6 6.Be3 Nf6 7.f4 e5 8.Nf3 Ng4
9.Qd2 Nxe3 10.Qxe3 exf4 11.Qxf4 Be7 12.O-O-O O-O 13.Kb1 Be6 14.Nd5 Rc8 15.a3 Bxd5
16.exd5 Nb8 17.Bd3 Bf6 18.Nd4 Nd7 19.Rhf1 Bxd4 20.Qxd4 Nc5 21.Rf3 Rc7 22.Rdf1 Re8
23.Rh3 g6 24.Rhf3 Re5 25.h4 a6 26.Qf2 Qe8 27.g4 Nxd3 28.Rxd3 Re2 29.Qf6 Rcxc2
30.Rb3 Rc7 31.h5 Re1+ 32.Rxe1 Qxe1+ 33.Ka2 Qe7 34.Qd4 Qe5 35.Qd2 gxh5 36.Re3 Qf6
37.Re8+ Kg7 38.g5 Qf5 39.Qd4+ f6 40.gxf6+ Kf7 41.Re2 b5 42.Rg2 Rc5 43.Rd2 Rc2  1/2-1/2

[Event "Regency Masters A"]
[Site "Ramsgate"]
[Date "1979.??.??"]
[Round "6"]
[White "Nicholson, John G"]
[Black "Niklasson, Christer"]
[Result "0-1"]
[WhiteElo "2310"]
[BlackElo "2385"]

1.e4 c5 2.Nf3 e6 3.d4 cxd4 4.Nxd4 Nc6 5.Nc3 a6 6.Be2 Qc7 7.O-O Nf6 8.Kh1 Be7
9.f4 d6 10.Be3 O-O 11.Qe1 Nxd4 12.Bxd4 b5 13.a3 Bb7 14.Qg3 Bc6 15.Rae1 Rac8
16.e5 dxe5 17.Bxe5 Qb7 18.Bd3 g6 19.Re3 Nh5 20.Qh3 Bc5 21.Re2 f6 22.Bd6 Bxd6
23.Qxe6+ Kh8 24.Qxd6 Rfe8 25.Rg1 Red8 26.Qe6 Qg7 27.Qg4 f5 28.Bxf5 Nf6 29.Bxc8 Nxg4
30.Bxg4 Qd4 31.Rf1 b4 32.axb4 Qxb4 33.Re6 Qb7 34.Bf3 Bxf3 35.Rxf3 Qxb2 36.h3 a5
37.Ne4 a4 38.Ng5 Rf8 39.Re7 a3 40.Nf7+ Kg7 41.Ng5+ Kg8 42.Rf1 a2 43.Ree1 Ra8
44.Ra1 Rc8 45.f5 gxf5 46.Rae1 Qxc2 47.Nf3 Rb8 48.Nd4 Qd3  0-1

[Event "ISL-ch"]
[Site "Reykjavik"]
[Date "1979.??.??"]
[Round "2"]
[White "Hjartarson, Johann"]
[Black "Angantysson, Haukur"]
[Result "0-1"]
[WhiteElo "2270"]
[BlackElo "2400"]

1.d4 e6 2.e4 c5 3.Nf3 cxd4 4.Nxd4 Nc6 5.Nc3 a6 6.Be2 Qc7 7.O-O Nf6 8.Be3 b5
9.f4 b4 10.Na4 Nxe4 11.Bf3 Nf6 12.Nxc6 Bb7 13.Ne5 d6 14.Bxb7 Qxb7 15.Nc4 Qc6
16.Qf3 d5 17.Ncb6 Rb8 18.c3 bxc3 19.bxc3 Be7 20.c4 O-O 21.Rfc1 Qe8 22.cxd5 exd5
23.Bd4 Qd8 24.Rab1 Ne4 25.Rd1 Re8 26.Qh5 Bf6 27.Bxf6 Nxf6 28.Qf3 Qd6 29.Kh1 d4
30.Nc4 Rxb1 31.Nxd6 Re1+  0-1

[Event "Rome"]
[Site "Rome"]
[Date "1979.??.??"]
[Round "1"]
[White "Mariotti, Sergio"]
[Black "Schmidt, Wlodzimierz"]
[Result "1-0"]
[WhiteElo "2485"]
[BlackElo "2430"]

1.e4 c5 2.Nf3 e6 3.d4 cxd4 4.Nxd4 Nc6 5.Nc3 a6 6.g3 d6 7.Bg2 Bd7 8.O-O Nf6
9.Re1 Be7 10.h3 O-O 11.Nb3 b5 12.a3 Rb8 13.f4 Qc7 14.Kh2 Rfd8 15.Qe2 Be8
16.Bd2 Bf8 17.e5 Nd7 18.exd6 Bxd6 19.Ne4 Bf8 20.f5 exf5 21.Bf4 Nce5 22.Nc3 f6
23.Nd4 Bf7 24.Nxf5 Re8 25.Qf2 Nb6 26.Rad1 Rbd8 27.Rxd8 Rxd8 28.Ne4 Kh8 29.g4 Nd5
30.Bg3 Qb6 31.Qxb6 Nxb6 32.g5 Nbc4 33.gxf6 gxf6 34.Bh4 Re8 35.Bxf6+ Kg8 36.b3 Nd7
37.bxc4 Bxc4 38.Bb2 Re6 39.Rd1 Nc5 40.Nxc5 Bxc5 41.Bf3 Bb6 42.Rd7  1-0

[Event "Stary Smokovec"]
[Site "Stary Smokovec"]
[Date "1979.??.??"]
[Round "?"]
[White "Franzen, Josef"]
[Black "Moehring, Guenther"]
[Result "1-0"]
[WhiteElo "2300"]
[BlackElo "2400"]

1.e4 c5 2.Nf3 Nc6 3.d4 cxd4 4.Nxd4 e6 5.Nc3 d6 6.g3 Nf6 7.Bg2 Be7 8.O-O O-O
9.b3 Qa5 10.Bb2 Rd8 11.Nde2 b5 12.a3 Bd7 13.h3 Qb6 14.Kh2 a5 15.f4 Rac8 16.g4 h6
17.Ng3 Be8 18.h4 b4 19.axb4 axb4 20.Na4 Qc7 21.g5 hxg5 22.hxg5 Nh7 23.Qg4 g6
24.Rh1 e5 25.Qh4 Qa7 26.Nc3 Qc5 27.Nd5 Bf8 28.f5 Ra8 29.Rae1 f6 30.gxf6 Ra7
31.fxg6 Bxg6 32.Qg4 Kf7 33.Nf5 Nxf6 34.Nxf6 Kxf6 35.Rhf1 Rh7+ 36.Nh4+ Ke7
37.Bc1 Bh5 38.Bg5+ Ke8 39.Qe6+ Ne7 40.Rxf8+ Kxf8 41.Bxe7+ Rxe7 42.Qh6+ Ke8
43.Qxh5+ Kd7 44.Nf5 Ree8 45.Qf7+ Kc8 46.Qc4 Qxc4 47.bxc4 Kc7 48.Kg1 Rb8 49.Rd1 Red8
50.Rd3 Ra8 51.Ne3 Kc6 52.Kf2 Ra3 53.Ke2 Rxd3 54.Kxd3 Ra8 55.Bh3 Kc5 56.Be6 Ra3+
57.Kd2 Kd4 58.Nf5+ Kc5 59.Bd5 Ra7 60.Kc1 Rh7 61.Kb2 Rh3 62.Ng7 Kb6 63.Ne6 Rh8
64.Kb3 Ka5 65.c5 Rh3+ 66.Kb2 dxc5 67.Nxc5 Kb5 68.Nd3 Rh5 69.Be6 Kc6 70.Nxb4+ Kc5
71.Kc3 Kd6 72.Bf5 Rh8 73.Nd5 Kc5 74.Nf6 Kd6 75.Kc4 Ra8 76.c3 Kc6 77.Be6 Kd6
78.Bd5 Rf8 79.Ng4 Rc8+ 80.Kd3 Rh8 81.Kc2 Rf8 82.Nh6 Kc5 83.Nf7 Re8 84.Kd3 Re7
85.Ke3 Kb6 86.Kf3 Rc7 87.c4 Re7 88.Kg4 Kc5 89.Nd8 Kd6 90.Nf7+ Kc5 91.Kf5 Kd4
92.Nd8 Kc5 93.Ne6+  1-0

[Event "SWE-ch"]
[Site "?"]
[Date "1979.??.??"]
[Round "?"]
[White "Svensson, Bengt"]
[Black "Bergstrom, Christer"]
[Result "0-1"]
[WhiteElo "2200"]
[BlackElo "2200"]

1.e4 c5 2.Nf3 Nc6 3.Nc3 e6 4.d4 cxd4 5.Nxd4 a6 6.Be2 Nge7 7.Be3 Nxd4 8.Qxd4 b5
9.O-O-O Nc6 10.Qd2 Qa5 11.b3 Bb4 12.Kb2 Qa3+ 13.Ka1 Qa5 14.Kb2 O-O 15.Qd3 Ne5
16.Qd4 Nc6 17.Qd3 Bb7 18.Nb1 Be7 19.a3 Bf6+ 20.Kc1 b4 21.a4 Qe5 22.f4 Qb2+
23.Kd2 Rac8 24.Ke1 Ne7 25.Rc1 Rfd8 26.Kf2 Ng6 27.Rhd1 d5 28.e5 Be7 29.Kf1 Bc5
30.Bxc5 Rxc5 31.Qd2 a5 32.Bd3 Rdc8 33.Qf2 f6 34.exf6 Qxf6 35.g3 e5 36.fxe5 Qxf2+
37.Kxf2 Nxe5 38.Ke2 Re8 39.Kf2 Rf8+ 40.Ke2 Re8 41.Kf2 Rec8 42.Ke2 d4 43.Nd2 Nxd3
44.Kxd3 Rc3+ 45.Kxd4 Rd8+ 46.Ke5 Rc5+ 47.Kf4 g5+ 48.Kg4 Rd4+ 49.Kh3 Rcd5  0-1

[Event "SWE-ch"]
[Site "?"]
[Date "1979.??.??"]
[Round "?"]
[White "Wedberg, Tom"]
[Black "Svensson, Bengt"]
[Result "1-0"]
[WhiteElo "2425"]
[BlackElo "2200"]

1.e4 c5 2.Nf3 Nc6 3.Nc3 e6 4.d4 cxd4 5.Nxd4 Nf6 6.g3 d6 7.Bg2 Be7 8.O-O O-O
9.Re1 Bd7 10.Be3 a6 11.Nxc6 bxc6 12.Na4 Rb8 13.b3 Qc7 14.c4 c5 15.Nc3 Bc6
16.Bf4 Rbd8 17.Qe2 Rd7 18.Rad1 Rfd8 19.Rd3 Ne8 20.Nd5 exd5 21.exd5 Bb7 22.Re3 Kf8
23.Bh3 Nf6 24.g4 Ng8 25.g5 Rb8 26.Qh5 Rdd8 27.Rf3 Bc8 28.Be5 Bxg5 29.Be6 Bxe6
30.dxe6 f6 31.Bc3 Bh6 32.e7+ Qxe7 33.Rxe7 Kxe7 34.Rd3 Kf8 35.Qf5 Rb7 36.Qxh7 Re7
37.Kf1 Re6 38.Qf5 Re7 39.Qf3 Rc7 40.Ba5  1-0

[Event "SWE-ch"]
[Site "?"]
[Date "1979.??.??"]
[Round "?"]
[White "Olsson, Ake"]
[Black "Cramling, Dan"]
[Result "0-1"]
[WhiteElo "2200"]
[BlackElo "2355"]

1.e4 c5 2.Nf3 e6 3.d4 cxd4 4.Nxd4 Nc6 5.Nc3 a6 6.Be2 d6 7.O-O Nf6 8.a4 Be7
9.Be3 O-O 10.f4 Qc7 11.Nxc6 bxc6 12.g4 Rb8 13.g5 Nd7 14.f5 exf5 15.exf5 Re8
16.Bh5 g6 17.fxg6 hxg6 18.Nd5 Qd8 19.Bd4 Bxg5 20.Bxg6 fxg6 21.Qd3 Ne5 22.Bxe5 Bf5
23.Rxf5 dxe5 24.Raf1 gxf5 25.Qxf5 Rb7 26.Nc3 Bf4 27.Ne4 Rf7 28.Qh5 Qd4+  0-1

[Event "SWE-ch"]
[Site "?"]
[Date "1979.??.??"]
[Round "?"]
[White "Schneider, Lars Ake"]
[Black "Bergstrom, Christer"]
[Result "1/2-1/2"]
[WhiteElo "2420"]
[BlackElo "2200"]

1.e4 c5 2.Nf3 e6 3.d4 cxd4 4.Nxd4 Nc6 5.Nc3 a6 6.Be2 Nge7 7.Bf4 Ng6 8.Bg3 Be7
9.O-O O-O 10.Qd2 b5 11.Rad1 Qb6 12.Nb3 Nge5 13.a4 Nc4 14.Qc1 Bf6 15.Nd2 Nxd2
16.Qxd2 b4 17.Na2 Bb7 18.Bd6 Rfc8 19.c3 b3 20.Nc1 Ne5 21.Qf4 Ng6 22.Qg4 Bc6
23.Nd3 Bxe4 24.Qxe4 Qxd6 25.Nb4 Qb6 26.Rxd7 a5 27.Nd3 Rab8 28.Bf3 Ne7 29.Rd1 Rd8
30.Rxd8+ Rxd8 31.Nc1 Nd5 32.c4 Nc3 33.Rxd8+ Bxd8 34.Qc6 Kf8 35.c5 Qxc6 36.Bxc6 Nd1
37.Nxb3  1/2-1/2

[Event "Tallinn"]
[Site "Tallinn"]
[Date "1979.??.??"]
[Round "12"]
[White "Rantanen, Yrjo A"]
[Black "Veingold, Aleksandr"]
[Result "0-1"]
[WhiteElo "2460"]
[BlackElo "2370"]

1.e4 c5 2.Nc3 e6 3.Nf3 Nc6 4.d4 cxd4 5.Nxd4 d6 6.Be2 Nf6 7.O-O Bd7 8.Kh1 Be7
9.Bg5 a6 10.f4 b5 11.Bf3 Rc8 12.a3 O-O 13.Nb3 Qc7 14.Qe2 h6 15.Bxf6 Bxf6
16.Nd1 a5 17.Qxb5 Nd4 18.Qxa5 Qxc2 19.Nxd4 Bxd4 20.Qb4 e5 21.Re1 Rb8 22.Qxd6 Rfd8
23.fxe5 Be6 24.Qe7 Qd2 25.Qh4 g5 26.Qg3 Bxe5 27.Qf2 Qf4 28.g3 Qf6 29.Re2 Bd4
30.e5 Bxe5 31.Nc3 Bc4 32.Ne4 Qf5  0-1

[Event "Tallinn"]
[Site "Tallinn"]
[Date "1979.??.??"]
[Round "14"]
[White "Ivanovic, Bozidar"]
[Black "Hartston, William R"]
[Result "0-1"]
[WhiteElo "2460"]
[BlackElo "2485"]

1.e4 c5 2.Nf3 e6 3.d4 cxd4 4.Nxd4 Nc6 5.Nc3 a6 6.Be2 d6 7.O-O Nf6 8.Be3 Be7
9.f4 O-O 10.Kh1 Bd7 11.Qe1 b5 12.a3 Qb8 13.Qg3 b4 14.axb4 Qxb4 15.Rad1 Nxd4
16.Bxd4 Bc6 17.Rd3 Qb7 18.Re3 Rfd8 19.Qh3 Qb4 20.Rd1 e5 21.Nd5 Bxd5 22.Bc3 Qc5
23.exd5 Nxd5 24.Rxd5 Qxd5 25.Bd3 g6 26.fxe5 Qe6 27.g4 Bg5 28.Rf3 dxe5 29.Qf1 Bf4
30.Bc4 Qc6 31.Kg2 Rd7 32.Qe2 Rad8 33.Bd3 Qf6 34.h3 Qc6 35.h4 Qc5 36.h5 gxh5
37.gxh5 Qe7 38.Rxf4 exf4 39.Qg4+ Kf8 40.Qxf4 Qe6 41.Bb4+ Ke8 42.Bxa6 Rd5
43.Bc4 Qe5 44.Qxe5+  0-1

[Event "URS-ch (Women)"]
[Site "Tbilisi"]
[Date "1979.??.??"]
[Round "4"]
[White "Levitina, Irina S"]
[Black "Litinskaya, Marta I"]
[Result "1-0"]
[WhiteElo "2280"]
[BlackElo "2265"]

1.e4 c5 2.Nf3 e6 3.d4 cxd4 4.Nxd4 Nc6 5.Nc3 Qc7 6.Be2 a6 7.O-O Nf6 8.Kh1 Be7
9.f4 d6 10.Be3 O-O 11.a4 Rd8 12.Qe1 Nxd4 13.Bxd4 e5 14.fxe5 dxe5 15.Be3 Be6
16.Qg3 Nd7 17.Bg4 Bc4 18.Rf2 Nf8 19.a5 Bc5 20.b3 Bxe3 21.Qxe3 Be6 22.Bf3 Qd6
23.Nd5 Rac8 24.c4 Ng6 25.Rd2 Kh8 26.Rad1 Qa3 27.Qc3 f6 28.Ra1 Qc5 29.Rc1 Qf8
30.Rcd1 Ne7 31.Qb4 Rd7 32.Nxe7 Qxe7 33.Qxe7 Rxe7 34.Rd8+ Re8 35.Rxe8+ Rxe8
36.Rd6 Kg8 37.Be2 Re7 38.Kg1 Kf7 39.b4 Rc7 40.c5 Ke7 41.Kf2 g6 42.g3 Bd7
43.Rb6 Bc6 44.Ke3 Kd8 45.Bc4 Kc8 46.Bd5 f5 47.Be6+ Bd7 48.Rd6 Bxe6 49.Rxe6 Rd7
50.exf5 gxf5 51.Rxe5 Rf7 52.Kf4 Kd7 53.Rxf5 Re7 54.h4  1-0

[Event "URS-ch (Women)"]
[Site "Tbilisi"]
[Date "1979.??.??"]
[Round "8"]
[White "Grinfeld, Alla B"]
[Black "Alexandria, Nana"]
[Result "0-1"]
[WhiteElo "2215"]
[BlackElo "2340"]

1.e4 c5 2.Nf3 e6 3.d4 cxd4 4.Nxd4 Nc6 5.Nc3 Qc7 6.Nb3 Nf6 7.Bd3 a6 8.O-O b5
9.a3 Be7 10.f4 d6 11.Kh1 Bb7 12.Bd2 O-O 13.Qe2 Rfe8 14.Rae1 b4 15.axb4 Nxb4
16.Nb5 axb5 17.Bxb4 Bc6 18.c3 e5 19.Bxb5 Bxb5 20.Qxb5 exf4 21.Qf5 d5 22.Bxe7 Rxe7
23.exd5 Rxe1 24.Rxe1 Qb6 25.Nd2 Qxb2 26.Qxf4 Qxc3 27.Nf3 h6 28.d6 Ra1 29.Rxa1 Qxa1+
30.Ng1 Qa2 31.h3 Qe6 32.Qd4 Qd7 33.Qb6 Ne8 34.Qb8 Kh7 35.Qb1+ g6 36.Qd3 Nxd6
37.Nf3 Qe6 38.Qa6 Nc4 39.Qb7 Ne3 40.Qc7 Qa2 41.Qg3 Qa1+ 42.Qe1 Qa3 43.Kh2  0-1

[Event "CSR-ch"]
[Site "Trencianske Teplice"]
[Date "1979.??.??"]
[Round "5"]
[White "Vogt, Lothar"]
[Black "Jansa, Vlastimil"]
[Result "1/2-1/2"]
[WhiteElo "2500"]
[BlackElo "2495"]

1.e4 c5 2.Nf3 Nc6 3.d4 cxd4 4.Nxd4 e6 5.Nc3 a6 6.g3 d6 7.Bg2 Bd7 8.O-O Nf6
9.Re1 Be7 10.Nxc6 Bxc6 11.a4 O-O 12.Be3 Qc7 13.a5 Nd7 14.Qd2 Rac8 15.Na2 Bf6
16.Qb4 Bb5  1/2-1/2

[Event "Tirnavia-A"]
[Site "Trnava"]
[Date "1979.??.??"]
[Round "2"]
[White "Bohosjan, Sarkis"]
[Black "Plachetka, Jan"]
[Result "0-1"]
[WhiteElo "2445"]
[BlackElo "2410"]

1.e4 c5 2.Nc3 Nc6 3.Nf3 e6 4.d4 cxd4 5.Nxd4 Nf6 6.g3 Bb4 7.Bg2 d5 8.Nxc6 bxc6
9.e5 Nd7 10.Qg4 Bf8 11.f4 Qb6 12.Nd1 Ba6 13.Nf2 Bc5 14.Qf3 O-O 15.Nd3 Bxd3
16.Qxd3 f6 17.exf6 Nxf6 18.Qb3 Qc7 19.Qc3 Qb6 20.Qb3 Qa6 21.Qc3 Bd6 22.Qd3 Qxd3
23.cxd3 e5 24.f5 Rab8 25.b3 Bb4+ 26.Bd2 Ng4 27.Bxb4 Rxb4 28.Rc1 Ne3 29.Rg1 Rb6
30.g4 Ra6 31.Bf3 Rxa2 32.Rxc6 Rb8 33.Be2 Nc2+ 34.Rxc2 Rxc2 35.Bf3 e4 36.dxe4 Rxb3  0-1

[Event "Tirnavia-A"]
[Site "Trnava"]
[Date "1979.??.??"]
[Round "12"]
[White "Trapl, Jindrich"]
[Black "Vilela, Jose Luis"]
[Result "1/2-1/2"]
[WhiteElo "2395"]
[BlackElo "2460"]

1.e4 c5 2.Nf3 e6 3.d4 cxd4 4.Nxd4 Nc6 5.Nc3 a6 6.Be3 Qc7 7.f4 Nxd4 8.Qxd4 b5
9.Be2 Bb7 10.O-O Rc8 11.Bf3 Ne7 12.Rad1 Nc6 13.Qd3 Na5 14.Kh1 Nc4 15.Bc1 Be7
16.e5 Bxf3 17.Rxf3 d5 18.Ne2 Na5 19.c3 g6 20.b3 Nc6 21.Be3 Qa5 22.Qd2 O-O
23.Bd4 Nxd4 24.Nxd4 Kh8 25.Rh3 Rg8 26.b4 Qb6 27.f5 Bf8 28.f6 g5 29.Rg3 Rg6
30.a3  1/2-1/2